El atlas de Le Monde Diplomatique

Gespeichert in:
Bibliographische Detailangaben
1. Verfasser: Achcar, Gilbert (VerfasserIn)
Format: Buch
Sprache:Spanisch
Veröffentlicht: Buenos Aires Capital Intelectual 2003
Schlagworte:
Tags: Tag hinzufügen
Keine Tags, Fügen Sie den ersten Tag hinzu!

MARC

LEADER 00000nam a2200000 a 4500
001 UCL7060
003 CL-VaPUC
008 040430e20030000AG |||||||||||||||||spa|d
020 |a 987987319X 
082 0 4 |a 327  |b ACH  |2 21 
100 0 |a Achcar, Gilbert  |e author  |9 484798 
245 1 3 |a El atlas de Le Monde Diplomatique 
300 |a 194 p 
942 |c BK 
945 |d 20040430 00:00:00  |a cmena 
260 |a Buenos Aires  |b Capital Intelectual  |c 2003 
650 0 |a Relaciones Internacionales  |9 255740 
650 0 |a Globalización  |9 361930 
650 0 |a Potencias mundiales  |9 431761 
650 0 |a Tratados internacionales   |9 256056 
583 |a last modification  |c 20040430 00:00:00  |k Rodrigo Vera 
999 |c 308924  |d 308922 
952 |0 0  |1 0  |4 0  |6 327_000000000000000_ACH_2003  |7 0  |8 F  |9 375876  |a BIBING  |b BIBING  |d 2019-11-21  |i 4008308  |o 327 ACH 2003  |p 4008308  |r 2025-01-20  |w 2019-11-21  |y BK_F  |k GEO